| 000 | 00501nam a2200193Ia 4500 | ||
|---|---|---|---|
| 005 | 20250522104403.0 | ||
| 008 | 008 250516s9999 xx 000 0 eng d | ||
| 040 |
_aSDCL _beng _cSDCL |
||
| 041 |
_aeng _2eng |
||
| 084 |
_aY15.2'B, R4 _qSDCL |
||
| 100 | _aSinha, S.N. | ||
| 245 | 0 |
_aWomen in Ancient India : _bVedic to vatsyayana |
|
| 260 |
_aNew Delhi: _bKhama Publishers, _c2024. |
||
| 300 | _a264p. | ||
| 365 |
_aINR _b1290 |
||
| 650 | _aSanskrit | ||
| 700 | _aBasu, N.K. | ||
| 942 | _cTEXL | ||
| 999 |
_c1430162 _d1430162 |
||